Quizzes
Events
Quiz Creation
Community
Videos
Private Events
Remove Ads
Sign In
Join for FREE
Feedback
Dark Mode
Quiz Categories
Sports
Geography
Music
Movies
Television
Just For Fun
Miscellaneous
History
Literature
Language
Science
Gaming
Entertainment
Religion
Holiday
For Kids
Quiz Lab
Recent
Popular Today
Quiz Kudos Today
Editor Picks
Curator Picks
Quizzes by...
Day
Popularity
Type
Ratings
Length
Year
Community
Subscriptions
Recent Discussions
Orange Saloon
Badges
Playlists
Quests
Create
Leaderboards
Showdown
Live 5
Trivia Bingo
Activity
Puzzle Library
Sporcle Events
Private Events
Virtual Trivia
Globe League
Become a Host
Pub Owners
SporcleCon
Opinionation
Our Games
Videos
Blog
Mobile Apps
Partnerships
Remove Ads and Go Orange
Feedback
Sports
Athletes
MLB
NBA
NHL
NFL
Soccer
Sports Teams
WWE
NCAA
Football
Premier League
Basketball
Baseball
Hockey
Golf
Tennis
Cricket
Rugby
Auto Racing
Olympics
World Cup
Sports
Athletes
MLB
NBA
NHL
NFL
Soccer
Sports Teams
WWE
NCAA
Football
Premier League
Basketball
Baseball
Hockey
Golf
Tennis
Cricket
Rugby
Auto Racing
Olympics
World Cup
Random Quiz
Search Sporcle
×
Quiz Lab
Quiz Lab
Sports
NBA
Type in answers that appear in a list
Type in answers that appear in a list
Classic
Best Score? Go Orange.
REBOUNDS LEADERS FROM 1980-81 SEASON TO 2018-19 SEASON Stats
Can you pick the REBOUNDS LEADERS FROM 1980-81 SEASON TO 2018-19 SEASON?
By
sashapiper1880
6m
39 Questions
74 Plays
74 Plays
74 Plays
Comments
Comments
Give Quiz Kudos
Give Quiz Kudos
-
- Ratings
hide this ad
More Info
Wrong Answers
Some wrong answers will appear in red
Some wrong answers will appear in red
Replay
Link that replays current quiz
Next Quiz
Link to next quiz in quiz playlist
You Got
0%
They Got
Avg Score
89%
Avg Friend Score
Upgrade to see
Score Distribution
Jump to the score distribution portion of the page
Score
0/39
Timer
06:00
0
Plays Today
team
answer
% Correct
detroit pistons
???
98.6%
detroit pistons
???
98.6%
detroit pistons
???
97.3%
detroit pistons
???
97.3%
san antonio spurs
???
97.3%
san antonio spurs
???
97.3%
chicago bulls
???
97.3%
chicago bulls
???
97.3%
chicago bulls
???
97.3%
orlando magic
???
97.3%
orlando magic
???
97.3%
orlando magic
???
97.3%
orlando magic
???
97.3%
los angeles lakers
???
97.3%
detroit pistons
???
97.3%
detroit pistons
???
97.3%
detroit pistons
???
97.3%
houston rockets
???
95.9%
houston rockets
???
95.9%
minnesota timberwolves
???
95.9%
team
answer
% Correct
minnesota timberwolves
???
95.9%
minnesota timberwolves
???
95.9%
minnesota timberwolves
???
95.9%
los angeles clippers
???
95.9%
los angeles clippers
???
95.9%
san antonio spurs
???
91.9%
miami heat
???
90.5%
minnesota timberwolves
???
87.8%
atlanta hawks
???
86.5%
atlanta hawks/
philadelphia 76ers
???
86.5%
sacramento kings
???
83.8%
houston rockets
???
79.7%
houston rockets
???
79.7%
philadelphia 76ers
???
79.7%
philadelphia 76ers
???
79.7%
philadelphia76ers
???
79.7%
detroit pistons
???
73%
philadelphia 76ers
???
70.3%
los angeles clippers
???
16.2%
Quiz Playlist
Details
Report
Send in Message
Add To Playlist
More Info:
You must write the full name
Classic:
Type in answers that appear in a list
Wrong Answers:
Some wrong answers will appear in red
Last Updated: May 1, 2019
Quiz Scoreboard
CHALLENGE
Sign Up to Join the Scoreboard
Show All
Scores
Hide
Comments
May contain spoilers
Recently Published
1-10 Letter E Words III
by El_Dandy
Language
2m
One Thing in Common: World Cities II
by knightlancer
Geography
7m
Popular People in 1961
by mucciniale
History
6m
More to Explore
Quiz From the Vault
Featured Blog Post
Where Did the Easter Bunny Come From?
hide this ad
You Might Also Like...
Tags
NBA Quiz
Legendary
Today's Top Quizzes in Sports
Browse Sports
hide this ad
Today's Top Quizzes in NBA
Browse NBA
Top Contributed Quizzes in Sports
1
Les meilleurs buteurs des matchs entre le PSG et l’OM
2
Les entraîneurs de l'OM et du PSG au 21e siècle
3
2022 World Cup Stars
4
FIFA Club World Cup Champions
5
Name the Premier League winners with different clubs
6
La finale Lions - Afrique du Sud 2021
7
Criteria MLB: Left Handed Sluggers
8
Players with Multiple 50 Home Run Seasons
9
MLB Players with Two .350 Batting Average Seasons
10
MLB Hall of Famer by Rings
Explore More
Trending Topics
Crossword
Marvel
Disney
Anime
Harry Potter
Kpop
NBA
Pokémon
Country
NFL
Song
The Office
WWE
Soccer
Puzzle
hide this ad
More By:
sashapiper1880
Quiz
Plays
Rating
Category
Featured
Created
NBA 2022 chain quiz (easy)
22,240
1.45
Sports
Mar 8, 2022
Guess the current football/soccer player
13,556
5.00
Sports
Mar 9, 2022
NBA 2022 Chain quiz
12,480
4.20
Sports
Mar 26, 2022
NBA LOGIC QUIZ 2022 (Including offseason)
5,409
4.17
Sports
Aug 24, 2022
NBA player based on the jersey number
3,350
4.00
Sports
Mar 26, 2022
Go to Creator's Profile
Score Distribution
Quiz Creator Spotlight
sashapiper1880
Follow
Send a Message
Quizzes Created
-
Created Quiz Play Count
-
More By This Creator
Popular Quizzes Today
1
Find the US States - No Outlines Minefield
2
The Countries of the World
3
Popular People in 1961
4
Find the Countries of Europe - No Outlines Minefield
5
1-10 Letter E Words III
6
Find the US States
7
One Thing in Common: World Cities II
8
US States
More Sports Quizzes
MLB Most Seasons with 150+ Hits
Published
Trending Quizzes
1-10 Letter F Words
1-10 Letter G Words
Risky Map Clicking: Next State Alphabetically
1-10 Letter F Words II
Risky Map Clicking: States by Unique Starting Letters
Recently Updated
Leaping Animals
pecheneg
Reality TV Shows (A-Z)
bhenderson79
Rickey Henderson's Hall of Fame Teammates
pecheneg
Champions League XIs: Arsenal
pecheneg
Quick Pick: Celebrities in WWE's Hall of Fame
aduchscher
A-Z Keypad Blitz II
pecheneg
Multiple Oscar Actors
pecheneg
Mystery Phrase Blitz: Oscar 'Best Actors'
pecheneg
F. Scott Fitzgerald Novels
LTH
Pick 3 Villains
ddd62291
Trending Topics
Disney
Anime
NBA
Harry Potter
Crossword
Marvel
Kpop
Puzzle
WWE
Song
Pokémon
Soccer
Country
The Office
NFL
Your Account Isn't Verified!
In order to create a playlist on Sporcle, you need to verify the email address you used during registration. Go to your
Sporcle Settings
to finish the process.
Report this User
Report this user for behavior that violates our
Community Guidelines
.
Details:
Send Report
Go to the Sporcle.com Mobile Site →
Comments